000 00504nam a2200181 a 4500
001 23614
003 CO-ViMGA
008 141112s2004 ck r 000 u spa d
020 _a9786071502360
040 _aCO-ViMGA
_bspa
_cCO-ViMGA
082 0 4 _a005.133 S244f
100 1 _aSchildat, Herbert
_934103
245 1 0 _aFundamentos de C # 3.0 /
_cHerbert Schildat
260 _aMéxico :
_bMc Graw Hill
300 _a632p.
650 1 4 _aC# LENGUAJE DE PROGRAMACION PARA COMPUTADORES
_934104
942 _2ddc
_cBK
999 _c31731
_d31731